00929nam a22002537a 4500003000500000005001700005008004100022010001000063011001000073035001000083040000900093100003700102245014300139260004000282300001100322502011700333650001700450650003100467650003600498650002700534650004000561700003500601700003900636CHAP20220329135554.0971013s1995 r 00010 d a38718 a39690 a43815 cCHAP00aFernández Medina, Jorge David. aManual de procedimientos para realizar auditorías técnicas o visitas de inspección a predios con aprovechamiento forestal autorizado aChapingo, Méx. :bEl autor,c1995 a152 h. aTesis (Ing. Forestal con Orientación en Economía y Orientación) -- UACH. División de Ciencias Forestales14aAuditoría.14aBosquesxAdministración.14aBosquesxAspectos económicos.14aBosquesxContabilidad.14aRecursos forestalesxUtilización.0 aGalicia García, Germánico.0 aMosqueda Vázquez, Mario Antonio.